Medium maths quiz - Statistics

General Stats
  • This quiz has been taken 137 times
  • The average score is 14 of 15
Answer Stats
Hint Answer % Correct
10-108 1
100%
3-34+3 2
100%
12+12 24
100%
12+43 55
100%
10+54+3 67
100%
9x9 81
100%
1=2 2=? 4
99%
100+52+1 153
98%
54+54+54+6 168
98%
55+55 110
97%
1+2+3+4+5+6+7+8+9 45
97%
10+43+5+1 59
97%
109-34 75
97%
6+6+6+6+6+6+6+6+6+6+6+6 72
96%
8+5=1 3
65%
No matching quizzes found
Score Distribution
Percent of People with Each Score
Percentile by Number Answered
Your Score History
You have not taken this quiz